Quantum mechanics: concepts and applications

Guardat en:
Dades bibliogràfiques
Autor principal: Zettili, Nouredine (Autor)
Format: Llibre
Idioma:anglès
Publicat: Chichester Joh Wiley and Sons 2009
Edició:2a. ed
Matèries:
Etiquetes: Afegir etiqueta
Sense etiquetes, Sigues el primer a etiquetar aquest registre!

MARC

LEADER 00000cam a2200000 a 4500
001 UCE1124
003 CL-VaPUC
008 140331e20090000uk |||||||||||||||||eng|d
020 |a 9780470026793 
082 0 4 |a 530.12  |b ZET  |2 21 
100 0 |a Zettili, Nouredine  |e author  |9 573501 
245 1 0 |a Quantum mechanics: concepts and applications 
250 |a 2a. ed 
300 |a 671 p 
942 |c BK 
945 |d 20140331 09:48:00  |a cmena 
260 |a Chichester  |b Joh Wiley and Sons  |c 2009 
650 0 |a Mecánica cuántica  |9 306806 
650 0 |a Teoría cuántica  |9 266148 
650 0 |a Física cuántica  |9 354949 
583 |a last modification  |c 20140331 09:48:00  |k Rodrigo Vera 
999 |c 355033  |d 355031 
952 |0 0  |1 0  |3 erb  |4 0  |6 530_120000000000000_ZET_2009  |7 0  |8 A  |9 461360  |a BIBCUR  |b BIBCUR  |i 5066220  |l 15  |m 10  |o 530.12 ZET 2009  |p 5066220  |r 2025-04-22  |s 2024-10-22  |w 2019-11-23  |y BK  |z Catalogado en:20140331  |k FIS 
952 |0 0  |1 0  |3 erb  |4 0  |6 530_120000000000000_ZET_2009  |7 0  |8 A  |9 461361  |a BIBCUR  |b BIBCUR  |i 5066239  |l 5  |o 530.12 ZET 2009  |p 5066239  |r 2025-04-22  |s 2023-11-23  |w 2019-11-23  |y BK  |z Catalogado en:20140331  |k FIS 
952 |0 0  |1 0  |3 erb  |4 0  |6 530_120000000000000_ZET_2009  |7 0  |8 A  |9 461362  |a BIBCUR  |b BIBCUR  |i 5066247  |l 9  |m 5  |o 530.12 ZET 2009  |p 5066247  |r 2025-04-22  |s 2023-10-10  |w 2019-11-23  |y BK  |z Catalogado en:20140331  |k FIS 
952 |0 0  |1 0  |3 erb  |4 0  |6 530_120000000000000_ZET_2009  |7 0  |8 A  |9 461363  |a BIBCUR  |b BIBCUR  |i 5146755  |l 14  |m 7  |o 530.12 ZET 2009  |p 5146755  |r 2025-04-22  |s 2024-10-21  |w 2019-11-23  |y BK  |z Catalogado en:20150423  |k FIS